The Housing (Scotland) Act 2006 (Consequential Provisions) Order 2008 (Record no. 108525)

MARC details
000 -LEADER
fixed length control field 01312cad a22002175a 4500
001 - CONTROL NUMBER
control field E144511
008 - FIXED-LENGTH DATA ELEMENTS--GENERAL INFORMATION
fixed length control field 080724s2008 xxk f l s000 0 eng d
035 ## - SYSTEM CONTROL NUMBER
System control number (Sirsi) u144511
041 0# - LANGUAGE CODE
Language code of text/sound track or separate title eng
110 2# - MAIN ENTRY--CORPORATE NAME
Corporate name or jurisdiction name as entry element United Kingdom
Form subheading Laws, etc
9 (RLIN) 5044
245 04 - TITLE STATEMENT
Title The Housing (Scotland) Act 2006 (Consequential Provisions) Order 2008
Medium [electronic resource]
260 ## - PUBLICATION, DISTRIBUTION, ETC.
Place of publication, distribution, etc. London
Name of publisher, distributor, etc. [s.n.]
Date of publication, distribution, etc. 2008
490 #0 - SERIES STATEMENT
Series statement SI
Volume/sequential designation 2008: 1889
520 ## - SUMMARY, ETC.
Summary, etc. Relates to liability for material loss suffered by the purchaser of a house as a result of a prescribed survey report not meeting the requirements set out in Article 3 paragraph (2) of the Order. A prescribed survey report is defined in the Order as a document prescribed under section 104(1) of the Housing (Scotland) Act 2006 which contains information both about the physical condition of a house and its value. Articles 2 and 3 relate to Scotland only; otherwise the Order applies to the UK as a whole. Comes into force 1 October 2008.
590 ## - LOCAL NOTE (RLIN)
Local note KA NTK
650 24 - SUBJECT ADDED ENTRY--TOPICAL TERM
Topical term or geographic name entry element HOUSING (SCOTLAND) ACT 2006
651 #4 - SUBJECT ADDED ENTRY--GEOGRAPHIC NAME
Geographic name Scotland
Chronological subdivision 1999-
690 ## - LOCAL SUBJECT ADDED ENTRY--TOPICAL TERM (OCLC, RLIN)
Topical term or geographic name as entry element PROPERTY-RESIDENTIAL PROPERTY-ACQUISITION AND DISPOSAL OF RESIDENTIAL PROPERTY
856 41 - ELECTRONIC LOCATION AND ACCESS
Uniform Resource Identifier <a href="https://www.opsi.gov.uk/si/si2008/uksi_20081889_en_1">https://www.opsi.gov.uk/si/si2008/uksi_20081889_en_1</a>
Public note View the statutory instrument free of charge at www.opsi.gov.uk...
942 ## - ADDED ENTRY ELEMENTS (KOHA)
Suppress in OPAC 0
Holdings
Withdrawn status Lost status Source of classification or shelving scheme Damaged status Not for loan Home library Current library Shelving location Date acquired Total Checkouts Full call number Barcode Date last seen Copy number Price effective from Koha item type
    Dewey Decimal Classification     Virtual Virtual Online 24/07/2008   ONLINE PUBLICATION 144511-2001 06/08/2019 1 06/08/2019 Book